| 000 | 00689nam a2200241Ia 4500 | ||
|---|---|---|---|
| 003 | OSt | ||
| 005 | 20221005043728.0 | ||
| 006 | a|||||r|||| 00| 0 | ||
| 007 | ta | ||
| 008 | 221004b |||||||| |||| 00| 0 eng d | ||
| 024 | _a60869 | ||
| 037 | _cTextual | ||
| 040 |
_aCRL _cCRL _beng |
||
| 041 |
_2eng _aeng |
||
| 082 | _aU8.4g7H, N1 | ||
| 100 |
_aSherman Oakley E _9591862 |
||
| 245 | 0 |
_aHoly himalaya _b The religion traditions and scenery of a Himalaya province kumaon and Garhwal |
|
| 260 |
_aGurgaon _bVintage India _c1991 |
||
| 300 |
_a319p. _ccm. |
||
| 650 | _aGEOGRAPHY | ||
| 942 |
_hU8.4g7H, N1 _cTEXL _2cc |
||
| 999 |
_c952350 _d952350 |
||